• 首页
  • 本馆介绍
  • 公告通知
  • 最新文献
  • 馆藏检索
  • 电子资源
  • 读者导购
  • 参考咨询
  • 我的图书馆
  • 登录
  • 详细信息显示
  • 放入我的书架
  • 预约/预借图书
  • 作者相关作品
  • 分类相关作品
  • 丛书相关作品
  • 出版社相关作品

书目信息

  • 表格格式
  • 工作单格式
  • 卡片格式
题名:
合作学习与课堂教学
    
 
作者: 伍新春 , 管琳 著
分册:  
出版信息: 北京   人民教育出版社  2010
页数: 394页
开本: 23cm
丛书名: 教学心理学丛书
单 册:
中图分类: G424.2
科图分类:
主题词: 教学组织--研究 , 课堂教学--教学研究 , 教学组织 , 课堂教学 , 教学研究
电子资源:
ISBN: 978-7-107-22354-9
000 01204oam2 2200337 450
001 100428708580
005 20110224091744.18
010    @a978-7-107-22354-9@dCNY32.50
035    @a004448107
100    @a20100401d2010 em y0chiy0110 ea
101 0  @achi
102    @aCN@b110000
105    @ay z 000yy
106    @ar
200 1  @a合作学习与课堂教学@9he zuo xue xi yu ke tang jiao xue@f伍新春,管琳著
210    @a北京@c人民教育出版社@d2010
215    @a394页@d23cm
225 2  @a教学心理学丛书
300    @a全国教育科学规划教育部重点课题“现代学习理论与学习方式变革研究”的研究成果 “十一五”国家重点图书出版规划项目
330    @a本书包括理论与研究基础、主要方法与技术、课堂实践与应用、发展趋势与展望四部分,内容包括合作与合作学习、合作学习的理论基础、合作学习的研究基础、学生团队学习、小组调查法、合作学习中的教师等。
461  0 @12001 @a教学心理学丛书
606 0  @a教学组织@x研究
606 0  @a课堂教学@x教学研究
606 0  @a教学组织
606 0  @a课堂教学
606 0  @a教学研究
690    @aG424.2@v4
701  0 @a伍新春@9wu xin chun@f(1967~)@4著
701  0 @a管琳@9guan lin@c(女)@4著
801  0 @aCN@bNLC@c20110224
905    @b205980919-955@h598091-95@dG424.2@e226@f5
    
    合作学习与课堂教学/伍新春,管琳著.-北京:人民教育出版社,2010
    394页;23cm.-(教学心理学丛书)
    全国教育科学规划教育部重点课题“现代学习理论与学习方式变革研究”的研究成果 “十一五”国家重点图书出版规划项目
    
    ISBN 978-7-107-22354-9:CNY32.50
    本书包括理论与研究基础、主要方法与技术、课堂实践与应用、发展趋势与展望四部分,内容包括合作与合作学习、合作学习的理论基础、合作学习的研究基础、学生团队学习、小组调查法、合作学习中的教师等。
●
相关链接 在E读中查询图书 在五车中查询图书 在当当中查询图书 在豆瓣中查询图书


正题名:合作学习与课堂教学     索取号:G424.2/226         预约/预借

序号 登录号 条形码 馆藏地/架位号 状态 备注
1 598091   205980919   第一样本阅览室/ [索取号:G424.2/226] 在馆    
2 598092   205980928   第四借阅区/ [索取号:G424.2/226] 在馆    
3 598093   205980937   第四借阅区/ [索取号:G424.2/226] 在馆    
4 598094   205980946   第四借阅区/ [索取号:G424.2/226] 在馆    
5 598095   205980955   第四借阅区/ [索取号:G424.2/226] 在馆    
唐山师范学院图书馆 欢迎您!
大连网信软件有限公司© 版权所有